Missing Word: Transportation in Movie Titles Quiz Stats

 Plays Quiz Updated Mar 5, 2016

Challenge
Share
Tweet
Embed
Score 0/14 Timer 03:00
0 Plays Today
Movie Mode of Transportation % Correct
Grand Theft _____Auto
98.9%
Dude, Where's My ____Car
98.2%
Snakes on a _____Plane
96.4%
Strangers on a _____Train
86.9%
The Glass Bottom _____Boat
84.9%
____ StopBus
64.1%
_____ of FoolsShip
58.3%
Movie Mode of Transportation % Correct
Paint Your ______Wagon
57.2%
A Boy, a Girl, and a _____ Bike
44.4%
Gunfight in Black ____ Canyon Horse
36.4%
The Last __________ WestStagecoach
11.9%
The Phantom _________Carriage
11.5%
______ of the Seven SinsYacht
7.4%
The Stone _____Raft
5.3%

Today's Daily Dose

You're not logged in!

Compare scores with friends on all Sporcle quizzes.
Join for Free
OR
Log In

You Might Also Like...

Show Comments

Extras

Top Quizzes Today


Score Distribution

Your Account Isn't Verified!

In order to create a playlist on Sporcle, you need to verify the email address you used during registration. Go to your Sporcle Settings to finish the process.

Report this User

Report this user for behavior that violates our Community Guidelines.

Details: